000 01998nam0a2200397 4500
001 RU\NLR\BIBL_A\011965368
005 20190405160708.0
010 _a978-5-91990-117-4
_9300
021 _aRU
_bКН-П-19-0876
_9КН-П-19-011752
035 _a(NLR Aleph) 011965368
035 _a(RuMoRGB)009899412
090 _a11227192
_c11227192
100 _a20190320d2018 k y0rusy50 ca
101 0 _arus
_deng
102 _aRU
105 _aabchz|||000zy
200 1 _aБуферные государства Северо-Восточной Азии. Северный и Восточный Китай
_e[монография]
_eBuffer states of Northeast Asia. North and East China
_fП. Н. Дудин
_gВосточно-Сибирский государственный университет технологий и управления, Центр изучения государства и права стран Восточной Азии
_zeng
210 _aПенза
_cСоциосфера
_d2018
215 _a474, XXXII с.
_cил., цв. ил., портр., карт.
_d21 см
300 _aАвт. также на англ. яз.: P. N. Dudin
300 _aНа 4-й с. обл. авт.: Дудин П. Н. - к.полит.н.
300 _aРез. англ.
320 _aБиблиогр.: с. 447-474 и в подстроч. примеч.
510 1 _6z11790
_aBuffer states of Northeast Asia. North and East China
_zeng
517 1 _aСеверный и Восточный Китай
517 1 _aNorth and East China
607 _aКитай Северо-Восточный
_xИстория
_z1930 - 1940-ые гг.
_2nlr_sh2
_3RU\NLR\AUTH\6601653203
686 _aТ3(5Кит)53,02
686 _aТ3(5Кит)6,02
700 1 _aДудин
_bП. Н.
_gПавел Николаевич
790 1 _6z11510
_aDudin
_bP. N.
_gPavel Nikolaevič
942 _cBOOK
980 _aNBR
980 _aNB